Statistiques concernant Mots de 6 lettres par définition

Cliquez ici pour prendre le quiz!

Statistiques générales

  • Ce quiz a été pris 151 fois
  • Le résultat moyen est 10 sur 15

Statistiques - réponses

GenreDéfinitionMot% Correct
Nom MasculinLe père ou la mère.Parent
99%
Nom MasculinLieu couvert où l'on remise les véhicules.Garage
97%
Nom FémininPartie d'un vêtement qui recouvre le bras en partie ou jusqu'au poignet.Manche
95%
Nom FémininEnsemble des joueurs associés ou du même camp pour participer à une compétition, à un match.Equipe
90%
Nom FémininLevier destiné à recevoir l'action du pied sur un mécanisme de commande d'une machine, d'un instrument.Pédale
89%
Nom MasculinFenêtre munie d'un verre épais et pouvant fermer hermétiquement, aménagée dans la coque d'un navire.Hublot
88%
Nom MasculinJouet de bébé à grelot, fixé à un manche ou à un anneau.Hochet
73%
Nom FémininLueur qui paraît à l'horizon un peu avant le lever du soleil ; moment correspondant au début du jour ; aube.Aurore
63%
Nom MasculinMammifère lagomorphe au corps élancé, aux pattes postérieures très longues, aux oreilles allongées, rapide à la course.Lièvre
57%
Nom MasculinGrande masse de pierre dure, escarpée, qui paraît enracinée dans le terrain, ou qu'on ne peut remuer.Rocher
48%
Nom FémininAnneau d'une chaîne.Maille
44%
Nom MasculinFosse pratiquée dans un cimetière, construction souterraine servant de sépulture.Caveau
38%
Nom FémininDiscontinuité de terrain selon laquelle s'est produit un déplacement relatif (horizontal et vertical) des deux compartiments fracturés.Faille
35%
Nom MasculinEnsemble constitué par une vis et par un écrou, qui, après serrage, maintient en contact les pièces traversées par la vis.Boulon
34%
Nom FémininInstrument de musique en métal, en forme de coupe renversée, qu'on met en vibration en frappant sa surface extérieure avec un marteau ou sa surface interne avec un battant.Cloche
21%

Distribution des résultats

Percentile par nombre de réponses

% des personnes avec chaque résultat

Votre développement - résultats

Vous n’avez pas pris ce quiz